Toutes les équipes qui ont joué en Serie A au XXIè siècle - Statistiques

Statistiques générales
  • Ce quiz a été pris 32 fois
  • Le résultat moyen est 32 sur 50
Statistiques - réponses
Surnom Equipe % Correct
Bianconeri Juventus
100%
Rossoneri AC Milano
96%
Giallorossi AS Roma
96%
Nerazzurri Inter Milano
96%
Gli Azzurri Napoli
96%
La Viola Fiorentina
93%
Biancocelesti Lazio Roma
93%
Rosanero Palermo
93%
Il Toro Torino
93%
Blucerchiati Sampdoria
89%
Grifoni Genoa
86%
Crociati Parma
86%
Lagunari Venezia
86%
Galletti Bari
82%
Lariani Como
82%
Gialloblu Hellas Verona
82%
Zebrette Udinese
82%
Orobici Atalanta
79%
Rossoblù Bologna
79%
Gialloblu Chievo Verona
79%
Nerazzurri Pisa
79%
Rossoblù Cagliari
75%
Etnei Catania
75%
Granata Salernitana
71%
Salentini Lecce
68%
Delfini Pescara
68%
Neroverdi Sassuolo
64%
Grigiorossi Cremonese
61%
Le Rondinelle Brescia
57%
Stregoni Benevento
54%
Azzurri Empoli
54%
Brianzoli Monza
54%
Aquilotti La Spezia
50%
Spallini SPAL
46%
Squali Crotone
43%
Biancoscudati Messina
43%
Biancorossi Perugia
43%
Amaranto Reggina
43%
Picchio Ascoli
39%
Bianconeri Cesena
39%
Ciociari Frosinone
39%
Canarini Modena
39%
Gaudenziani Novara
39%
Labronico Livorno
36%
Falconi Carpi
29%
Dorici Ancona
25%
Berici Vicenza
25%
Robur Siena
18%
Biancocelesti Treviso
11%
Papaveri Piacenza
7%
Aucun quiz correspondant
Distribution des résultats
% des personnes avec chaque résultat
Percentile par nombre de réponses
Votre historique - résultats
Vous n’avez pas pris ce quiz